MARC details
| 000 -LEADER |
| fixed length control field |
03213nac a22002651u 4500 |
| 010 ## - LIBRARY OF CONGRESS CONTROL NUMBER |
| LC control number |
2005295272 |
| 020 ## - INTERNATIONAL STANDARD BOOK NUMBER |
| International Standard Book Number |
158906318X |
| 035 ## - SYSTEM CONTROL NUMBER |
| System control number |
(OCoLC)ocm56767741 |
| 082 00 - DEWEY DECIMAL CLASSIFICATION NUMBER |
| Classification number |
339.52091724 |
| Item number |
G9775 |
| 090 ## - LOCALLY ASSIGNED LC-TYPE CALL NUMBER (OCLC); LOCAL CALL NUMBER (OCLC) |
| -- |
4231 |
| -- |
4231 |
| 100 ## - MAIN ENTRY--PERSONAL NAME |
| Personal name |
Gupta, Sanjeev [ed] |
| 245 00 - TITLE STATEMENT |
| Title |
Helping countries develop : |
| Remainder of title |
the role of fiscal policy / |
| Statement of responsibility, etc |
editors: Sanjeev Gupta, Benedict Clements, Gabriela Inchauste. |
| 260 ## - PUBLICATION, DISTRIBUTION, ETC. (IMPRINT) |
| Place of publication, distribution, etc |
Washington, D.C. : |
| Name of publisher, distributor, etc |
International Monetary Fund, |
| Date of publication, distribution, etc |
c2004. |
| 300 ## - PHYSICAL DESCRIPTION |
| Extent |
xi, 528 p. : |
| Other physical details |
ill. ; |
| Dimensions |
23 cm. |
| 504 ## - BIBLIOGRAPHY, ETC. NOTE |
| Bibliography, etc |
Includes bibliographical references. |
| 505 00 - FORMATTED CONTENTS NOTE |
| Title |
Fiscal policy for economic development: an overview / |
| Statement of responsibility |
Benedict Clements, Sanjeev Gupta, Gabriela Inchauste -- |
| Title |
Fiscal policy, expenditure composition, and growth in low-income countries / |
| Statement of responsibility |
Sanjeev Gupta ... [et al.] -- |
| Title |
Persistence of fiscal adjustments and expenditure composition in low-income countries / |
| Statement of responsibility |
Emanuele Baldacci ... [et al.] -- |
| Title |
Growth, governance, and fiscal policy transmission channels in low-income countries / |
| Statement of responsibility |
Emanuele Baldacci, Arye L. Hillman, Naoko Kojo -- |
| Title |
External debt, public investment and growth in low-income countries / |
| Statement of responsibility |
Benedict Clements, Rina Bhattacharya, Tuan Quoc Nguyen -- |
| Title |
A framework for fiscal debt sustainability analysis in low-income countries / |
| Statement of responsibility |
Emanuele Baldacci, Kevin Fletcher -- |
| Title |
Experience with budgetary convergence in the WAEMU / |
| Statement of responsibility |
Ousmane DoreÌ?, Paul R. Masson -- |
| Title |
The effectiveness of government spending on education and health care in developing and transition economies / |
| Statement of responsibility |
Sanjeev Gupta, Marijn Verhoeven, Erwin R. Tiongson -- |
| Title |
Public spending on health care and the poor / |
| Statement of responsibility |
Sanjeev Gupta, Marijn Verhoeven, Erwin R. Tiongson -- |
| Title |
User payments for basic education in low-income countries / |
| Statement of responsibility |
Arye L. Hillman, Eva Jenkner -- |
| Title |
The efficiency of government expenditure: experiences from Africa / |
| Statement of responsibility |
Sanjeev Gupta, Marijn Verhoeven -- |
| Title |
Tax policy in developing countries: some lessons from the 1990s and some challenges ahead / |
| Statement of responsibility |
Michael Keen, Alejandro Simone -- |
| Title |
Social impact of a tax reform: the case of Ethiopia / |
| Statement of responsibility |
Sònia Muñoz, Stanley Sang-Wook Cho -- |
| Title |
Foreign aid and revenue response: does the composition of aid matter? / |
| Statement of responsibility |
Sanjeev Gupta ... [et al.] -- |
| Title |
More aid: making it work for the poor / |
| Statement of responsibility |
Peter S. Heller, Sanjeev Gupta -- |
| Title |
Aid and fiscal management / |
| Statement of responsibility |
AlexÌŒ BuliÌ?rÌŒ, Timothy Lane -- |
| Title |
Foreign aid and consumption smoothing: evidence from global food aid / |
| Statement of responsibility |
Sanjeev Gupta, Benedict Clements, Erwin R. Tiongson -- |
| Title |
Fiscal consequences of armed conflict and terrorism in low- and middle-income countries / |
| Statement of responsibility |
Sanjeev Gupta ... [et al.] -- |
| Title |
A comparison between two public expenditure management systems in Africa / |
| Statement of responsibility |
Ian Lienert. |
| 650 #0 - SUBJECT ADDED ENTRY--TOPICAL TERM |
| Topical term or geographic name as entry element |
Finance, Public |
| Geographic subdivision |
Developing countries. |
| 650 #0 - SUBJECT ADDED ENTRY--TOPICAL TERM |
| Topical term or geographic name as entry element |
Government spending policy |
| Geographic subdivision |
Developing countries. |
| 651 #0 - SUBJECT ADDED ENTRY--GEOGRAPHIC NAME |
| Geographic name |
Developing countries |
| General subdivision |
Appropriations and expenditures. |
| 700 1# - ADDED ENTRY--PERSONAL NAME |
| Personal name |
Inchauste, Gabriela. [ed] |
| 700 1# - ADDED ENTRY--PERSONAL NAME |
| Personal name |
Clements, Benedict J. [ed] |
| 710 2# - ADDED ENTRY--CORPORATE NAME |
| Corporate name or jurisdiction name as entry element |
International Monetary Fund. |
| 942 ## - ADDED ENTRY ELEMENTS (KOHA) |
| Item type |
Book - Borrowing |
| Call number prefix |
339.52091724G9775 |